| 000 | 01327nam a2200265Ia 4500 | ||
|---|---|---|---|
| 999 |
_c54735 _d54735 |
||
| 001 | 21802 | ||
| 003 | GE_BSU | ||
| 005 | 20220517160108.0 | ||
| 008 | 181216s2016||||ge |||||||||||||| ||geo|| | ||
| 020 | _a9789941466823 | ||
| 040 | _cGE_BSU | ||
| 041 | _ageo | ||
| 080 | _a821.133.1-312.6 ლე-34 | ||
| 100 |
_aლე კლეზიო, ჟან-მარი გუსტავ _93084 |
||
| 245 |
_aაფრიკელი : _bრომანი / _cლე კლეზიო, ჟან-მარი გუსტავ ; ფრანგულიდან თარგმნა დალი იაშვილმა ; რედაქტორი თამარ ლონდარიძე ; გარეკანის დიზაინერი თეონა ჭანიშვილი. |
||
| 264 |
_aთბილისი : _bინტელექტი, _c2016. |
||
| 300 |
_a120 გვ. : _b ილ. ; _c18 სმ. |
||
| 541 | _h5 ლ. | ||
| 653 | _aაფრიკელი | ||
| 653 | _aრომანი | ||
| 700 |
_aიაშვილი, დალი _eმთარგმნელი _97143 |
||
| 700 |
_aლონდარიძე, თამარ _eრედაქტორი _913759 |
||
| 700 |
_aჭანიშვილი, თეონა _eდიზაინერი _96381 |
||
| 942 |
_cBK _2udc |
||